Đang tải...

Fertlizer management in commercial crops

Chi tiết về thư mục
Tác giả chính: Tandon, H L S
Định dạng: Printed Book
Ngôn ngữ:Undetermined
English
Được phát hành: New Delhi Fertilizer Development and Consultation Organizati 1993
LEADER 00558nam a2200157Ia 4500
008 140306s9999 xx 000 0 und d
041 |a eng 
082 |a 631.8  |b TAN/FE 
100 |a Tandon, H L S 
245 |a Fertlizer management in commercial crops 
260 |a New Delhi  |b Fertilizer Development and Consultation Organizati  |c 1993 
300 |a 175 
365 |b Rs.240 
942 |2 ddc  |c BK 
999 |c 107396  |d 107396 
952 |0 0  |1 0  |2 ddc  |4 0  |6 631_800000000000000_TANFE  |7 0  |9 104546  |a KAUHCV  |b KAUHCV  |d 2004-03-19  |g 240.00  |o 631.8 TAN/FE  |p KAU_HCV-23929  |r 2014-03-22  |w 2014-03-22  |y BK